Quick Pick: Have a Car Quiz Stats

 Plays Quiz Updated Apr 23, 2019

Score 0/10 Timer 01:30
0 Plays Today
% Correct
Madagascar
96.8%
Caramel
96.5%
Carrots
95.8%
Carp
92.9%
Scarves
92.6%
Carbon
92%
Sidecar
91.4%
Scary
89.4%
Cartoon
80.1%
Boxcars
79%

Today's Daily Dose

Missing Word
Sherlocks

Word Ladder
King of the Hill

Quick Pick
Songs in Pink

Get the Picture
NBA Teammates

You're not logged in!

Compare scores with friends on all Sporcle quizzes.
OR
Log In

Sporcle TV

Today on Sporcle TV


Watch our educational content, quiz creation guides, and fun videos on Sporcle TV.

Show Comments

Extras

Top Quizzes Today


Score Distribution

Your Account Isn't Verified!

In order to create a playlist on Sporcle, you need to verify the email address you used during registration. Go to your Sporcle Settings to finish the process.

Report this User

Report this user for behavior that violates our Community Guidelines.

Details: